logo

Bir Sreshtho Munshi Abdur Rouf Library
Jhenaidah Cadet College

Classical Mechanics / (Record no. 10417)

MARC details
000 -LEADER
fixed length control field 00687nam a2200265 a 4500
001 - CONTROL NUMBER
JCCL Control Number 10417
003 - CONTROL NUMBER IDENTIFIER
JCCL marc code BD-JhCC
005 - DATE AND TIME OF LATEST TRANSACTION
control field 20191028091006.0
008 - FIXED-LENGTH DATA ELEMENTS--GENERAL INFORMATION
fixed length control field 180425s20112017i a|||| || | 001 0 eng d
020 ## - INTERNATIONAL STANDARD BOOK NUMBER
International Standard Book Number 9788131758915
035 ## - SYSTEM CONTROL NUMBER
system control number (BD-JhCC)10417
040 ## - CATALOGING SOURCE
Original cataloging agency BD-JhCC
Modifying agency BD-JhCC
041 ## - LANGUAGE CODE
Language code of Book eng
082 ## - DEWEY DECIMAL CLASSIFICATION NUMBER
Classification number 531
Author mark and Year GOL 2017
100 ## - MAIN ENTRY--PERSONAL NAME
Personal name Goldstain, Herbert
245 ## - TITLE STATEMENT
Title Classical Mechanics /
Statement of responsibility, etc Herbert Goldstain, Charles P. Poole and John L. Safko
250 ## - EDITION STATEMENT
Edition statement 3rd ed.
260 ## - PUBLICATION, DISTRIBUTION, ETC. (IMPRINT)
Place of publication, distribution, etc Tamil Nadu :
Name of publisher, distributor, etc Pearson,
Date of publication, distribution, etc 2017.
300 ## - PHYSICAL DESCRIPTION
Pagination 646 p. :
Other physical details ill. ;
Dimensions 22 cm.
504 ## - BIBLIOGRAPHY, ETC. NOTE
Bibliography, etc Includes Index
650 ## - SUBJECT ADDED ENTRY--TOPICAL TERM
Topical term or geographic name as entry element Physics
650 ## - SUBJECT ADDED ENTRY--TOPICAL TERM
Topical term or geographic name as entry element Mechanics
942 ## - ADDED ENTRY ELEMENTS (KOHA)
Source of classification or shelving scheme Dewey Decimal Classification
Koha item type Books
Holdings
Source of classification or shelving scheme Damaged status Not for loan Home library Current library Shelving location Total Checkouts Full call number Barcode Date last seen Date checked out Copy number Koha item type Date of accession
Dewey Decimal Classification     JCC Rouf Library JCC Rouf Library General Stacks 1 531 GOL 2017 13733 02/07/2023 01/31/2023 C-1 Books  
Dewey Decimal Classification     JCC Rouf Library JCC Rouf Library General Stacks 3 531 GOL 2017 13734 07/09/2025 07/02/2025 C-2 Books 07/28/2024
Dewey Decimal Classification     JCC Rouf Library JCC Rouf Library General Stacks 1 531 GOL 2017 10818 07/29/2024 07/28/2024 C-3 Books 04/25/2018

JCC Library | Contacts | JCC Home

Last Update on 23 September 2017
Copyright @ 2017-2020 JCC Rouf Library
Rouf Library, Jhenidah Cadet College (JCC), Bangladesh